| 000 | 00414nam a2200169Ia 4500 | ||
|---|---|---|---|
| 008 | 230524s9999 xx 000 0 und d | ||
| 082 |
_a5.133 _bPRA |
||
| 100 | _aP.W.Pratt | ||
| 245 | 0 | _aProgramming Language Design and Implementation | |
| 250 | _a4TH | ||
| 260 |
_aNEW DELHI _bPHI _c2002 |
||
| 300 | _aXV;633 | ||
| 500 | _aQuantity Number: 4 | ||
| 650 | _aComp-Sc | ||
| 700 | _a M.V.Zelkowitz | ||
| 942 | _cBK | ||
| 999 |
_c31694 _d31694 |
||